|
|
|
|
| LEADER |
01173nam a2200253 a 4500 |
| 001 |
0017808 |
| 003 |
BD-DhAAL |
| 008 |
070126s2006 sz a b 001 0 eng d |
| 020 |
|
|
|a 2940373124 (pbk.) :
|
| 020 |
|
|
|a 9782940373123 (pbk.)
|
| 040 |
|
|
|a OCO
|c OCO
|d YDXCP
|d BAKER
|d TXA
|d BD-DhAAL
|
| 082 |
0 |
0 |
|a 745.2068
|2 22
|
| 100 |
1 |
|
|a Best, Kathryn.
|9 31870
|
| 245 |
1 |
0 |
|a Design management :
|b managing design strategy, process and implementation /
|c Kathryn Best.
|
| 260 |
|
|
|a Switzerland :
|b AVA Publishing,
|c 2006.
|
| 300 |
|
|
|a 215 p. :
|b col. ill. ;
|c 30 cm
|
| 504 |
|
|
|a Includes bibliographical references and index.
|
| 526 |
|
|
|a ARC
|x Md. Shajjad Hossain,
Faculty members of the Department of Architecture
|
| 541 |
1 |
|
|e 0017808
|a Zeenat Book Supply Limited
|
| 650 |
|
0 |
|a Management.
|9 31871
|
| 852 |
4 |
|
|a Ayesha Abed Library
|c General Stacks
|
| 942 |
|
|
|2 ddc
|c BK
|
| 999 |
|
|
|c 1936
|d 1936
|
| 952 |
|
|
|0 0
|1 0
|2 ddc
|4 0
|6 745_206800000000000_BES
|7 0
|9 1776
|a BRACUL
|b BRACUL
|c GEN
|d 2009-07-01
|e Zeenat Book Supply Limited
|g 3368.00
|l 6
|m 55
|o 745.2068 BES
|p 3010017808
|r 2016-07-12
|s 2016-03-15
|t 1
|w 2009-07-01
|y BK
|x Requisitioned by Md. Shajjad Hossain (Faculty members of the Department of Architecture).
|